Profesorova dcéra /

Hlavní autor: Read, Piers Paul, 1941-
Jazyk: Slovenština
Vydáno: Bratislava : Smena, 1979
Vydání: 2. vyd.
Edice: Čitateľské stupne
Fyzický popis: 234 s. ; 8°
Knihy
Uloženo v:
LEADER 00865nam a22002772a 4500
001 001195567
003 CZ BrMZK
005 20130327135340.0
007 ta
008 120218s1979 xo a er|||||||||||slo d
040 |a ABA001  |b cze  |c ABA001  |d ABA001 
041 1 |a slo  |h eng 
080 9 |a 820-31=854 
100 1 |a Read, Piers Paul,  |d 1941-  |7 jn19990006871  |4 aut 
245 1 0 |a Profesorova dcéra /  |c Piers Paul Read ; z angl. orig. prel. Dušan Janák 
250 |a 2. vyd. 
260 |a Bratislava :  |b Smena,  |c 1979 
300 |a 234 s. ;  |c 8° 
490 1 |a Čitateľské stupne 
500 |a Přeloženo z angličtiny 
765 0 |t Professer's Daughter  |9 Slovensky 
830 0 |a Čitateľské stupne 
910 |a BOA001  |b 2-0772.045-79 
990 |a BK 
991 |b 201201 
996 7 |b 2619515367  |c 2-0772.045-79  |l MZK  |r Sklad / do 1 hodiny  |n 0  |w 001229190  |u 000010  |a 1  |e BOA001  |j MZK50  |s A